00532 2200205 4500001002100000005001500021035002000036245005000056100001600106250000600122260004000128300003400168020001800202084001600220082001000236650001300246008004100259990001300300990001300313INLIS00000000000887220230522040031 a0010-01230004131 aKamus populer istilah geografi /cEdward Erik aEdward Erik a1 aBekasi :bRiugha Edu Pustaka,c2020 a159 halaman :bilus ;c21 cm. a9786027418929 a910.3 EDW k a910.3 4aGeografi230522 g 0 ind  a022.1621 a022.1622